000
00248 a2200085 4500
082
_a
620.414 COA
245
_a
Reading Material Coastal Engineering CE - 824 Fall 1988 /
_c
Coastal Engineering
260
_c
1988
300
_a
v, 115p. :
_b
ill. ;
_c
27 cm
650
_a
Coastal Engineering
999
_c
2068
_d
2068